| 000 | 00464nam a22001697a 4500 | ||
|---|---|---|---|
| 999 |
_c19703 _d19703 |
||
| 003 | OSt | ||
| 005 | 20200305093626.0 | ||
| 008 | 161031b xxu||||| |||| 00| 0 eng d | ||
| 020 | _a877654409 | ||
| 040 |
_aMMU _beng _cMMU _dMMU |
||
| 100 | _aFriedman, Raymond | ||
| 245 |
_aPrinciples of fire protection chemistry and physics/ _cRaymond, Friedman |
||
| 260 |
_aMassachusetts: _bNFPA, _c1998 |
||
| 300 | _aviii,296 p.: | ||
| 650 | _aPhysics | ||
| 942 |
_2lcc _cLOAN LOAN |
||